Statistics for Biggest U.S. Cities Starting with R

Click here to take the quiz!

General Stats

  • This quiz has been taken 9,744 times
    (6,559 since last reset)
  • The average score is 10 of 20

Answer Stats

PopulationStateHintCity% Correct
469,124North CarolinaNamed after Sir WalterRaleigh
98%
268,851Nevada"Biggest Little City in the World"Reno
92%
226,604VirginiaCapital of the ConfederacyRichmond
92%
115,639CaliforniaBay Area suburbRichmond
92%
121,465MinnesotaMayo ClinicRochester
79%
210,606New YorkKnown as the "Flower City" and the "Flour City"Rochester
79%
81,643CaliforniaPresumably named for its tall trees{Redwood} City
65%
317,261CaliforniaLargest city in the Inland EmpireRiverside
62%
94,844PennsylvaniaNamesake of a Monopoly railroadReading
50%
175,142CaliforniaSan Bernardino County{Rancho} Cucamonga
43%
98,865VirginiaShares its airport with nearby BlacksburgRoanoke
41%
147,711IllinoisBeloit neighborRockford
37%
93,462CaliforniaCounty seat of Shasta CountyRedding
30%
123,876TexasAustin suburb, initials R.R.Round Rock
30%
104,394CaliforniaNamed after a famous bridge in VeniceRialto
28%
105,834New MexicoAlbuquerque suburbRio Rancho
25%
105,179WashingtonSeattle suburbRenton
22%
92,530GeorgiaAtlanta suburbRoswell
21%
151,901CaliforniaSacramento suburb on Interstate 80Roseville
20%
116,382TexasDallas suburbRichardson
19%

Score Distribution

Percentile by Number Answered

Percent of People with Each Score

Your Score History

You have not taken this quiz since the last reset